| 000 | 00394cam a2200169ua 4500 | ||
|---|---|---|---|
| 003 | OSt | ||
| 005 | 20260221111551.0 | ||
| 008 | 260221b |||||||| |||| 00| 0 eng d | ||
| 041 | _aeng | ||
| 082 |
_a690 _bSAM/NO |
||
| 100 |
_aSambandam, S . _97875 |
||
| 245 | _aNotes on building construction / | ||
| 250 | _a1 / | ||
| 260 |
_a : _bViswanathan , _c1962. |
||
| 300 | _a218 ; . | ||
| 942 | _cBK | ||
| 999 |
_c1595 _d1595 |
||